000 00722nam a2200265 i 4500
001 C2-0146207
003 PPAK
005 20180727131120.0
008 980315s1997 my |||| ||||| | may d
020 _a983891195X
040 _aPPAK
_beng
_cPPAK
_erda
082 0 4 _a899.233
_223
090 0 0 _a899.233
_bAME
_dK
100 0 _aAmer Haji Matsom,
_eauthor
245 1 0 _aMegat Terawis di Acheh
264 1 _aKuala Lumpur :
_bPenerbit Orkid ,
_c1997
300 _a58 pages ;
_c18 cm
336 _2rdacontent
_atext
337 _2rdamedia
_aunmediated
338 _2rdacarrier
_avolume
490 1 _aDetik-detik Bersejarah
650 1 0 _aChildren's stories, Malay
830 0 _aDetik-detik Bersejarah
942 _ddc
_cB
999 _c46429
_d46429